• 首页
  • 本馆介绍
  • 公告通知
  • 最新文献
  • 馆藏检索
  • 电子资源
  • 读者导购
  • 参考咨询
  • 我的图书馆
  • 登录
  • 详细信息显示
  • 放入我的书架
  • 预约/预借图书
  • 作者相关作品
  • 分类相关作品
  • 丛书相关作品
  • 出版社相关作品

书目信息

  • 表格格式
  • 工作单格式
  • 卡片格式
题名:
美国秘密情报档案
    
 
作者: 陈肯 著
分册:  
出版信息: 哈尔滨   哈尔滨出版社  2012.03
页数: 10,243页
开本: 24cm
丛书名:
单 册:
中图分类: D771.236
科图分类:
主题词:
电子资源:
ISBN: 978-7-5484-0855-0
000 00897nam0 2200277 450
001 010030026155
005 20130608172637.73
010    @a978-7-5484-0855-0@dCNY29.80
035    @a005665956
100    @a20120312d2012 em y0chiy0110 ea
101 0  @achi
102    @aCN@b230000
105    @ay z 000yy
106    @ar
200 1  @a美国秘密情报档案@9mei guo mi mi qing bao dang an@f陈肯著
210    @a哈尔滨@c哈尔滨出版社@d2012.03
215    @a10,243页@d24cm
330    @a本书分历史真容、“冷战”备忘录、隐性政府时代三卷,介绍了乔治·华盛顿的绝密王牌、“平克顿国家侦探社”的盛与衰、“全球鹰”升空、关塔那摩秘密档案、欧洲黑手等内容。
601 02 @a中央情报局(美国)@j史料
601 02 @a联邦调查局(美国)@j史料
601 02 @a中央情报局(美国)
601 02 @a联邦调查局(美国)
690    @aD771.236@v5
701  0 @a陈肯@9chen ken@4著
801  0 @aCN@bNLC@c20120410
905    @dD771.236@e366
    
    美国秘密情报档案/陈肯著.-哈尔滨:哈尔滨出版社,2012.03
    10,243页;24cm
    
    
    ISBN 978-7-5484-0855-0:CNY29.80
    本书分历史真容、“冷战”备忘录、隐性政府时代三卷,介绍了乔治·华盛顿的绝密王牌、“平克顿国家侦探社”的盛与衰、“全球鹰”升空、关塔那摩秘密档案、欧洲黑手等内容。
●
相关链接 在E读中查询图书 在五车中查询图书 在当当中查询图书 在豆瓣中查询图书


正题名:美国秘密情报档案     索取号:D771.236/366         预约/预借

序号 登录号 条形码 馆藏地/架位号 状态 备注
1 0545568   205455684   第一样本阅览室/ [索取号:D771.236/366] 在馆    
2 0545569   205455693   第一借阅区/ [索取号:D771.236/366] 在馆    
3 0545570   205455700   第一借阅区/ [索取号:D771.236/366] 在馆    
4 0545571   205455719   第一借阅区/ [索取号:D771.236/366] 在馆    
5 0545572   205455728   第一借阅区/ [索取号:D771.236/366] 在馆    
唐山师范学院图书馆 欢迎您!
大连网信软件有限公司© 版权所有